Rol de las herramientas tecnológicas en las operaciones de las Fuerzas Armadas de República Dominicana en la provincia Dajabón : (Registro nro. 8712)

Detalles MARC
000 -CABECERA
campo de control de longitud fija 01763nam a22002417a 4500
003 - IDENTIFICADOR DEL NÚMERO DE CONTROL
campo de control DO-SdBJH
005 - FECHA Y HORA DE LA ÚLTIMA TRANSACCIÓN
campo de control 20260622214509.0
008 - DATOS DE LONGITUD FIJA--INFORMACIÓN GENERAL
campo de control de longitud fija 260622b2025 |||d|||| |||| 00| 0 spa d
040 ## - FUENTE DE LA CATALOGACIÓN
Centro catalogador/agencia de origen DO-SdBJH
Lengua de catalogación spa
Centro/agencia transcriptor DO-SdBJH
041 0# - CÓDIGO DE LENGUA
Código de lengua del texto/banda sonora o título independiente spa
090 ## - LOCALMENTE ASIGNADO TIPO-LC NÚMERO DE CLASIFICACIÓN (OCLC); NÚMERO DE CLASIFICACIÓN LOCAL (RLIN)
Número de clasificación (OCLC) (R) ; Numero de clasificación, CALL (RLIN) (NR) CT E-CEMA 0013
Número cutter local (OCLC) ; Número de libro/Signatura topográfica íntegra, CALL (RLIN) EGDC 2025
100 1# - ENTRADA PRINCIPAL--NOMBRE DE PERSONA
Nombre de persona Lorenzo Encarnación, Carmelo Francisco
Término indicativo de función/relación sustentante
245 10 - MENCIÓN DE TÍTULO
Título Rol de las herramientas tecnológicas en las operaciones de las Fuerzas Armadas de República Dominicana en la provincia Dajabón :
Resto del título período 2022 -2024 /
Mención de responsabilidad, etc. Carmelo Francisco Lorenzo Encarnación, Wanda Arelis Gómez Pérez ; asesor metodológico Johany Josefina Acevedo Cabrera ; asesor de contenido Plinio Mejía Pérez.
502 ## - NOTA DE TESIS
Nota de tesis Tesis y trabajos de grado (Especialidad en Comando y Estado Mayor Conjunto)--Universidad Nacional para la Defensa "General Juan Pablo Duarte y Díez", Santo Domingo, 2025.
504 ## - NOTA DE BIBLIOGRAFÍA, ETC.
Nota de bibliografía, etc. Incluye referencias bibliográficas y anexos.
505 ## - NOTA DE CONTENIDO CON FORMATO
Nota de contenido con formato Evolución y generalidades de las herramientas tecnológicas y marco legal de las Fuerzas Armadas de república Dominicana -- Amenazas y Capacidades tecnológicas implementadas en las operaciones en la zona fronteriza -- Impacto de las herramientas tecnológicas en las operaciones militares en la provincia Dajabón (2022-2024).
650 #7 - PUNTO DE ACCESO ADICIONAL DE MATERIA--TÉRMINO DE MATERIA
Fuente del encabezamiento o término lemb
Término de materia o nombre geográfico como elemento de entrada Fuerzas armadas
Subdivisión de forma Tesis y disertaciones académicas
Subdivisión general Innovaciones tecnológicas
-- Operaciones militares
Subdivisión geográfica República Dominicana
650 #7 - PUNTO DE ACCESO ADICIONAL DE MATERIA--TÉRMINO DE MATERIA
Fuente del encabezamiento o término lemb
Término de materia o nombre geográfico como elemento de entrada Vigilancia fronteriza
Subdivisión de forma Tesis y disertaciones académicas
Subdivisión general Tecnología militar
Subdivisión cronológica 2022-2024
Subdivisión geográfica Dajabón (República Dominicana)
700 1# - PUNTO DE ACCESO ADICIONAL--NOMBRE DE PERSONA
Nombre de persona Gómez Pérez, Wanda Arelis
Término indicativo de función/relación sustentante
700 1# - PUNTO DE ACCESO ADICIONAL--NOMBRE DE PERSONA
Nombre de persona Acevedo Cabrera, Johany Josefina
Término indicativo de función/relación asesor metodológico
700 1# - PUNTO DE ACCESO ADICIONAL--NOMBRE DE PERSONA
Nombre de persona Mejía Pérez, Plinio
Término indicativo de función/relación asesor de contenido
942 ## - ELEMENTOS DE PUNTO DE ACCESO ADICIONAL (KOHA)
Fuente del sistema de clasificación o colocación Clasificación Local
Tipo de ítem Koha Tesis

No hay ítems disponibles.

© Copyright 2016. Universidad Nacional para la Defensa.Todos los derechos reservados.

 

Designed & Maintained by: https://www.sibdweb.com.do
Sistema de Información & Bibliotecas (SIBD). Contact: pbrito2005@gmail.com